| 000 | 00800cab a2200301 4500 | ||
|---|---|---|---|
| 001 | ABS59146 | ||
| 008 | 090401t1998 xxu||||| |||| 00| 0 eng d | ||
| 035 | _a(Sirsi) u87984 | ||
| 041 | _aeng | ||
| 100 | _aLeech, A. | ||
| 245 | _aTaking the load | ||
| 260 | _c1998 | ||
| 350 | _a0 | ||
| 490 |
_aHouse Builder _vAugust 1998, 37-38(2) |
||
| 520 | _aDiscusses lintel design in housebuilding, the use of stopends and weep holes, thermal performance and cavity trays. | ||
| 650 | _aCAVITY TRAYS | ||
| 650 | _aDESIGN | ||
| 650 | _aHOUSE BUILDING | ||
| 650 | _aLINTELS | ||
| 650 | _aSTEEL | ||
| 650 | _aSTOPENDS | ||
| 650 | _aTHERMAL PERFORMANCE | ||
| 650 | _aTIMBER | ||
| 650 | _aWEEP HOLES | ||
| 690 | _aBUILT ENVIRONMENT-BUILDING MATERIALS | ||
| 942 | _n0 | ||
| 948 | _c12/08/1998 | ||
| 999 |
_c55542 _d55542 |
||